LEADER 00800nam a2200181 i 4500 001 000000024005 003 CaOOAMICUS 005 20180830125446.0 008 180830s1925 it u000 u ita u 040 $aSeMil$bita 100 1 $aZanon, Francesco Saverio.$0(OLS)http://semarc/name/10667 245 12$aI Servi di Dio P. Anton'Angelo e P. Marcantonio conti Cavanis :$bstoria documentata della loro vita /$cP. Francesco Saverio Zanon. 260 $aVenezia :$bLibreria Emiliana,$c1925. 300 $a2 v. ;$c26 cm. 774 0 $tVolume primo.$w()194750 774 0 $tVol. 2.$w()194751 996 $6245$aI Servi di Dio P. Anton'Angelo e P. Marcantonio conti Cavanis :$bstoria documentata della loro vita$9(OLS)http://semarc/title/32217 996 $6260$aVenezia :$bLibreria Emiliana$9(OLS)http://semarc/publisher/30736 LEADER 00745nam a2200181 i 4500 001 000000209253 003 CaOOAMICUS 005 20111212000000.0 008 111212s1975 it u000 u ita u 013 $a188042 040 $aSeMil$bita 245 10$aTomo secondo. 490 0 $aStoria e letteratura : raccolta di studi e testi ;$v136 773 0 $aMomigliano, Arnaldo <1908-1987>$tQuinto contributo alla storia degli studi classici e del mondo antico.$dRoma : Edizioni di Storia e Letteratura, 1975.$w()25979 830 0$aStoria e letteratura ;$v136.$0(OLS)http://semarc/title/420 850 $aSeMil 852 $aSeMil$W1$xVenegono$y1$m3S V 7/2$j258878$B159704$CSeMilBibl$Z2$F170755 $81 996 $6245$aTomo secondo$9(OLS)http://semarc/title/54511